Statistiche per Stemmi Squadre di calcio - Serie A - Quiz n°1

Clicka qui per fare il quiz!

Statistiche generali

  • Questo quiz è stato fatto 945 volte
    (944 dall'ultimo reset)
  • Il punteggio medio è 9 su 10

Statistiche sulle risposte

Risposta% Corretto
Atalanta Bergamasca Calcio
100%
Piacenza Calcio 1919
100%
Associazione Calcio Prato
97%
Juventus Football Club
97%
L.R. Vicenza
97%
Genoa Cricket and Football Club
96%
Unione Sportiva Avellino 1912
96%
Unione Sportiva Cremonese
95%
Torres
93%
Calcio Foggia 1920
71%

Distribuzione punteggi

Percentile per numero di risposta

Percentuale di utenti per punteggio

I tuoi punteggi nel tempo

Non hai fatto questo quiz dall'ultimo reset